000 00600nam a2200205Ia 4500
003 OSt
005 20260629101458.0
008 210210b1998 xxu||||| |||| 00| 0 eng d
040 _cAL
041 _aKannada
082 _a398.2K AMBJ
100 _aAMBALIKE HIRIYANNA.
_dಅಂಬಳಿಕೆ ಹಿರಿಯಣ್ಣ
_9266058
245 _aJanapada mahakavyagalu.
_bಜಾನಪದ ಮಹಾಕಾವ್ಯಗಳು
260 _aDharavada
_bKarnataka vishvavidhyalaya
_c1998
300 _a60
650 _aJanapada
_9266059
690 _aFolklore
_9266060
906 _a060460
942 _2ddc
_cBK
999 _c107535
_d107535